000 00657nam a2200229Ia 4500
003 OSt
005 20220926005818.0
006 a|||||r|||| 00| 0
007 ta
008 220923b |||||||| |||| 00| 0 eng d
020 _a9788171948017
_c191.25
037 _b5426, 08/03/2014, Indraprastha Books
_cGeneral Book
040 _aRTL
_cRTL
_beng
041 _2eng
_aeng
082 _aX62, Q0
245 0 _aBANKING PRODUCTS and services.
260 _a New Delhi
_bTaxmann
_c2010
300 _aI-12,256p
_ccm.
650 _aCommerce
942 _hX62, Q0
_cGB
_2CC
999 _c615328
_d615328